Memòria de les pràctiques realitzades a l'Arxiu Històric de la Diputació de Barcelona / Ariadna González Esmarats
Descripción Física:
87 f. mecanografiats ; 30 cm
MARC
| LEADER | 00000nam a2200000Ia 4500 | ||
|---|---|---|---|
| 001 | 16911 | ||
| 008 | 160829s2003 - 2004 xx 000 0 cat d | ||
| 080 | |a A-2-231 | ||
| 100 | |a González Esmarats, Ariadna |9 37102 | ||
| 245 | |a Memòria de les pràctiques realitzades a l'Arxiu Històric de la Diputació de Barcelona / Ariadna González Esmarats | ||
| 260 | |a Barcelona : |b [s.n.], |c 2003 - 2004 | ||
| 300 | |a 87 f. mecanografiats ; |c 30 cm | ||
| 590 | |a Memòria de les pràctiques de l' assignatura de Tècniques d' Arxius. Professora, Maria Elvira. E. U. Jordi Rubió i Balaguer de Biblioteconomia i Documentació. | ||
| 610 | 1 | 0 | |a Arxiu General de la Diputació de Barcelona |9 52704 |
| 655 | 0 | |9 55931 |a Tesis i dissertacions acadèmiques | |
| 710 | 1 | |a Universitat de Barcelona. |b Facultat de Biblioteconomia i Documentació |9 53663 | |
| 901 | |a Arxiu | ||
| 942 | |n 1 |2 udc | ||
| 952 | |0 0 |1 0 |4 0 |6 A2231 |7 1 |9 47655 |a Arxiu |b Arxiu |d 2016-12-01 |l 0 |o A-2-231 |p 16911 |r 2016-12-01 00:00:00 |w 2016-12-01 |y ARXIU | ||
| 999 | |c 51454 |d 51454 | ||